000 01071nam a2200277 i 4500
001 15413
003 ES-MaACL
005 20240516063020.0
007 t|
008 000302s1999 sp ||||1| spa d
020 _a84-87136-98-2
080 _a946.028.8 Alcaraz "15"
080 _a008(460.288 Alcaraz)"15"
080 _a72 Vandelvira, Andrés de
100 1 _aPretel Marín, Aurelio,
_d1950-
_993800
245 1 0 _aAlcaraz en el siglo de Andrés de Vandelvira, el bachiller Sabuco y el preceptor Abril
_b: (cultura, sociedad, arquitectura y otras bellas artes en el Renacimiento) /
_cAurelio Pretel Marín.
260 _aAlbacete :
_bInstituto de Estudios Albacetenses "Don Juan Manuel",
_c1999.
300 _a460 p. :
_bil. ;
_c24 cm.
490 1 _aSerie I--Estudios ;
_v111
600 1 4 _aVandelvira, Andrés de.
_9113052
651 4 _aAlcaraz-
_xHistoria-
_yS.XVI.
_97653
710 2 _aInstituto de Estudios Albacetenses.
_94884
830 0 _aSerie I--Estudios ;
_v111
_9179228
852 _aES-MaACL
_jL-22488
_bR.127681
999 _c15413
_d15413